000 00633nam a22002297a 4500
003 UA-OsUOA
001 78518
007 ta
008 20111013b un ||||| |||| 00| 0 ukr d
100 _aРыльский М.Ф.
090 _a82.09(477)
_bР95
942 _cBK
040 _aUA-OsUOA
_brus
_cUA-OsUOA
_dUA-OsUOA
245 _aМеж людей и с людьми
_cсост. И.Ильенко
300 _a222 с.
955 _a3
041 _arus
080 _a82.09(477)
260 _aМ.
_bМол. гвардия
_c1982
650 7 _a82 Література. Літературознавство
_2UDC
999 _c364841
_d364841